000 00610nam a2200169 4500
999 _c15900
_d15900
008 201217b ||||| |||| 00| 0 eng d
022 _a0732-8435
082 _aDPer 657.05 C33 Sept - Mar 2015, v. 85 - 86
100 _aKess, Sidney.
_942718
245 _aAssisting individuals with elder care planning/
_b
_cSidney Kess and Edward Mendlowitz.
260 _aNew York:
_bThe New York State Society of CPA,
_c©2015.
300 _av85 n12, pages 66-69:
_billustrations;
_c28 cm.
650 _aInvestments
_xPlaning.
_942693
650 _a
_942712
700 _aMendlowitz, E.
_eAuthor.
_942715
942 _2ddc
_cPER